Music Quiz

Random Music or Nominee Quiz

CMA Songs of the Year Quiz Stats

 Plays Quiz Updated Nov 15, 2018

Challenge
Share
Tweet
Embed
Score 0/52 Timer 07:00
1 Play Today
Year Song % Correct
2011If I Die Young
55.8%
2005Whiskey Lullaby
48.2%
1979The Gambler
41.5%
2000I Hope You Dance
41%
2010The House That Built Me
38%
1999This Kiss
37.9%
1997Strawberry Wine
36.5%
2015Girl Crush
35.7%
2018Broken Halos
34.6%
1985God Bless the USA
34.6%
1987Forever and Ever, Amen
33.5%
2009In Color
33.5%
2012Over You
33.2%
2008Stay
31.5%
2017Better Man
30.9%
2016Humble and Kind
30.8%
1980He Stopped Loving Her Today
30.7%
1981He Stopped Loving Her Today
30.7%
1995Independence Day
30.3%
2002Where Were You (When the World Stopped Turning)
29.4%
1976Rhinestone Cowboy
29%
2003Three Wooden Crosses
28.5%
2004Live Like You Were Dying
27.7%
2014Follow Your Arrow
23.5%
1982Always on My Mind
22.4%
1983Always on My Mind
22.4%
Year Song % Correct
2013I Drive Your Truck
22.2%
1978Don't It Make My Brown Eyes Blue
19.1%
1973Behind Closed Doors
18.5%
1968Honey
18.3%
2001Murder on Music Row
18.2%
1996Go Rest High on That Mountain
17.7%
1977Lucille
15.6%
1998Holes in the Floor of Heaven
14.5%
2006Believe
13.1%
1994Chattahoochee
12.9%
1991When I Call Your Name
12.7%
198880's Ladies
12.3%
1993I Still Believe in You
12.3%
1986On the Other Hand
12.2%
2007Give It Away
12.2%
1971Easy Loving
9.9%
1972Easy Loving
9.9%
1974Country Bumpkin
9.3%
1989Chiseled in Stone
7.7%
1984Wind Beneath My Wings
7.6%
1992Look at Us
7.5%
1967There Goes My Everything
7.3%
1990Where've You Been
7.1%
1969The Carroll County Accident
6.9%
1975Back Home Again
5.7%
1970Sunday Mornin' Comin' Down
4.8%

You're not logged in!

Compare scores with friends on all Sporcle quizzes.
OR
Log In

You Might Also Like...

Show Comments

Extras

Top Quizzes Today


Score Distribution

Your Account Isn't Verified!

In order to create a playlist on Sporcle, you need to verify the email address you used during registration. Go to your Sporcle Settings to finish the process.

Report this User

Report this user for behavior that violates our Community Guidelines.

Details: